<?xml version="1.0" encoding="UTF-8"?>
<record
    xmlns:xsi="http://www.w3.org/2001/XMLSchema-instance"
    xsi:schemaLocation="http://www.loc.gov/MARC21/slim http://www.loc.gov/standards/marcxml/schema/MARC21slim.xsd"
    xmlns="http://www.loc.gov/MARC21/slim">

  <leader>00380    a2200121   4500</leader>
  <datafield tag="082" ind1=" " ind2=" ">
    <subfield code="a">709.972.81</subfield>
    <subfield code="b">P283p</subfield>
  </datafield>
  <datafield tag="100" ind1=" " ind2=" ">
    <subfield code="a">Cazali, Rosina</subfield>
    <subfield code="9">1164</subfield>
  </datafield>
  <datafield tag="245" ind1=" " ind2=" ">
    <subfield code="a">Pasos a desnivel</subfield>
    <subfield code="b">mapa urbano de la cultura contemporanea en Guatemala</subfield>
  </datafield>
  <datafield tag="260" ind1=" " ind2=" ">
    <subfield code="a">Guatemala</subfield>
    <subfield code="b">Hivos</subfield>
    <subfield code="c">2003</subfield>
  </datafield>
  <datafield tag="300" ind1=" " ind2=" ">
    <subfield code="a">129 p</subfield>
    <subfield code="b">col</subfield>
    <subfield code="c">20.5 cm</subfield>
  </datafield>
  <datafield tag="650" ind1=" " ind2=" ">
    <subfield code="a">arte guatemalteco</subfield>
    <subfield code="x">cultura</subfield>
    <subfield code="z">Guatemala</subfield>
    <subfield code="9">1165</subfield>
  </datafield>
  <datafield tag="700" ind1=" " ind2=" ">
    <subfield code="a">Rosina Cazali</subfield>
    <subfield code="9">1166</subfield>
  </datafield>
  <datafield tag="999" ind1=" " ind2=" ">
    <subfield code="c">251</subfield>
    <subfield code="d">251</subfield>
  </datafield>
  <datafield tag="952" ind1=" " ind2=" ">
    <subfield code="0">0</subfield>
    <subfield code="1">0</subfield>
    <subfield code="2">ddc</subfield>
    <subfield code="4">0</subfield>
    <subfield code="7">0</subfield>
    <subfield code="a">LV</subfield>
    <subfield code="b">LV</subfield>
    <subfield code="c">Pensamiento</subfield>
    <subfield code="d">2014-06-23</subfield>
    <subfield code="l">0</subfield>
    <subfield code="o">709.972.81 P283p</subfield>
    <subfield code="p">000269</subfield>
    <subfield code="r">2014-06-23 00:00:00</subfield>
    <subfield code="w">2014-06-23</subfield>
    <subfield code="y">01</subfield>
  </datafield>
  <datafield tag="952" ind1=" " ind2=" ">
    <subfield code="0">0</subfield>
    <subfield code="1">0</subfield>
    <subfield code="2">ddc</subfield>
    <subfield code="4">0</subfield>
    <subfield code="7">0</subfield>
    <subfield code="a">LV</subfield>
    <subfield code="b">LV</subfield>
    <subfield code="c">Monograf&#xED;as</subfield>
    <subfield code="d">2017-12-02</subfield>
    <subfield code="l">0</subfield>
    <subfield code="o">709.972.81 P283p</subfield>
    <subfield code="p">004523</subfield>
    <subfield code="r">2017-12-02 00:00:00</subfield>
    <subfield code="w">2017-12-02</subfield>
    <subfield code="y">01</subfield>
  </datafield>
</record>
